00413 2200157 4500001002100000008004100021035002000062245004100082100002100123260003100144300002000175082001400195650002000209990001300229990001300242INLIS000000000000048 ind  a0010-0322000048 aCICI MIMISAN : SERI ANAK SEHATcIKHA aANIES LISTYOWATI aJAKARTAbERLANGGA FOR KIDS a22 hlm.c22 cm. a899.221 3 aFIKSI INDONESIA a102330-1 a102330-2